000 00717nam a2200265Ia 4500
005 20260121170549.0
008 008 260114s9999 xx 000 0 eng d
020 _a9783319785479
037 _aEBOOK
040 _aCRL
040 _beng
040 _cCRL
041 _2eng
041 _aeng
084 _qCRL
100 _aMarcelo D. Boeri, Yasuhira Y. Kanayama, Jorge Mittelmann
_91065436
245 0 _aSoul and Mind in Greek Thought. Psychological Issues in Plato and Aristotle
260 _bSpringer
260 _bSpringer
260 _c2018
856 _uhttps://link.springer.com/openurl?genre=book&isbn=978-3-319-78547-9
942 _cEBOOK
999 _c1631166
_d1631166